000 00952 a2200241 4500
999 _c9672
_d9672
022 _I00382396
050 0 0 _aKTL19.A35 SOU 1994
100 _aCorbett, M.M
_eHonorary consulting editor
110 _aSupreme Court of South Africa
245 0 4 _aSouth African law reports 1994(1)February:
_bDecisions of the Supreme Court of South Africa, Supreme court of Namibia, High court of Namibia, High court of Zimbabwe
_cM.M. Corbett, David S. Fisher ... et al
264 _aSouth Africa:
_bJuta and Company LTD
_c1994
300 _a260p.:
500 _aIncludes bibliographical references and index Pages start from pg 333-593
650 0 _aLaw reports, digests, etc
650 7 _aTable of cases
650 7 _aCase annotations
651 7 _aSouth Africa.
700 1 _aFisher, David S.
_eeditor
700 1 _aBadenhorst, Brenda
_eeditor
700 1 _abarrow, Owen
_eeditor
700 1 _aHanmer, Nita
_eeditor
942 _2lcc
_cSERIALS
_h19.A35
_iSOU
_kKTL